Payback : straight up: the director's cut /
Val Resnick and Porter are two small time bandits. They target a hit on a Chinese gang and together they manage to get $140,000. But Val Resnick needs $130K alone to buy himself back into his syndication. Val turns on Porter. Together with Porter's wife Lynn, Resnick thinks he kills Porter with...
| Corporate Authors: | , , |
|---|---|
| Other Authors: | , , , , , , , , , , , , |
| Format: | Video Blu-ray Disc |
| Language: | English French Spanish |
| Language Notes: | English 5.l Dolby Digital, dubbed French or dubbed Spanish dialogue, English, French or Spanish subtitles; English SDH. |
| Published: |
Hollywood, Calif. :
Paramount Home Entertainment,
[2007]
|
| Edition: | Special collector's ed. ; Blu-ray version. |
| Subjects: |
MARC
| Tag | First Indicator | Second Indicator | Subfields |
|---|---|---|---|
| LEADER | 00000cgm a2200000Ka 4500 | ||
| 001 | in00002781206 | ||
| 005 | 20150922120855.0 | ||
| 007 | vd csaizk | ||
| 008 | 070627p20071999cau090 vleng d | ||
| 020 | |a 1415725985 | ||
| 020 | |a 9781415725986 | ||
| 024 | 1 | |a 097361197845 | |
| 028 | 4 | 1 | |a 119784 |b Paramount Home Entertainment |
| 028 | 4 | 1 | |a 11978 |b Paramount Home Entertainment |
| 035 | |a (OCoLC)ocn145747750 | ||
| 035 | |a (OCoLC)145747750 | ||
| 040 | |a TEFMT |b eng |c TEFMT |d TEF |d OCLCQ |d IH7 |d OCLCA |d OCLCQ |d OCLCA |d OCLCQ |d UtOrBLW | ||
| 041 | 1 | |a eng |a fre |a spa |j eng |j fre |j spa |h eng | |
| 043 | |a n-us--- | ||
| 049 | |a TXAM | ||
| 050 | 1 | 4 | |a PN1995.9.A3 |b P382 2007 |
| 082 | 0 | 4 | |a 791.43/72 |2 22 |
| 245 | 0 | 0 | |a Payback : |b straight up: the director's cut / |c Paramount Pictures presents an Icon Production ; produced by Bruce Davey ; screenplay by Brian Helgeland ; directed by Brian Helgeland. |
| 250 | |a Special collector's ed. ; Blu-ray version. | ||
| 264 | 1 | |a Hollywood, Calif. : |b Paramount Home Entertainment, |c [2007] | |
| 300 | |a 1 videodisc (90 min.) : |b sound, color ; |c 4 3/4 in. | ||
| 336 | |a two-dimensional moving image |b tdi |2 rdacontent | ||
| 337 | |a video |b v |2 rdamedia | ||
| 338 | |a videodisc |b vd |2 rdacarrier | ||
| 538 | |a Blu-ray disc, widescreen (16:9, enhanced) presentation, 1080p high definition; Dolby Digital 5.1 surround; special features are presented in standard definition. | ||
| 538 | |a Blu-ray disc for use only with Blu-ray disc players, Blu-ray disc computer drives and Playstation 3 game consoles. | ||
| 546 | |a English 5.l Dolby Digital, dubbed French or dubbed Spanish dialogue, English, French or Spanish subtitles; English SDH. | ||
| 500 | |a Title from container. | ||
| 511 | 1 | |a Mel Gibson, Gregg Henry, Maria Bello, David Paymer, William Devane, Lucy Liu. | |
| 508 | |a Director of photography, Ericson Core ; editor, Kevin Stitt ; music, Scott Stambler ; production designer, Richard Hoover. | ||
| 500 | |a Based on the novel "The hunter" by Richard Stark. | ||
| 500 | |a Originally released as a motion picture in 1999. | ||
| 520 | |a Val Resnick and Porter are two small time bandits. They target a hit on a Chinese gang and together they manage to get $140,000. But Val Resnick needs $130K alone to buy himself back into his syndication. Val turns on Porter. Together with Porter's wife Lynn, Resnick thinks he kills Porter with two shots in the back. Porter survives and half a year later, he is back, seeking his split of the money. When he finally finds Val, Porter quickly learns that he has to go much further up the ladder in order to get his money from the guys who have it: The syndication. Working alone does not work, so Porter teams up with his flame and previous boss Rosie, a very exclusive prostitute. Together, they now start playing the teams against each other. | ||
| 521 | 8 | |a Unrated; parental advisory: explicit content. Warning: this program is recommended for mature audiences only. It contains adult language and situations. Special features not rated. | |
| 500 | |a Special features: Commentary by writer/director Brian Helgeland; Paybacks are a Bitch: On location in Chicago, On set in Los Angeles; Same story, different movie-creating Payback: The director's cut; The hunter: A conversation with author Donald E. Westlake. | ||
| 500 | |a Videorecording. | ||
| 650 | 0 | |a Thieves |z United States |v Drama. | |
| 650 | 0 | |a Attempted murder |z United States |v Drama. | |
| 650 | 0 | |a Betrayal |z United States |v Drama. | |
| 650 | 0 | |a Adultery |z United States |v Drama. | |
| 650 | 0 | |a Revenge |z United States |v Drama. | |
| 655 | 0 | |a Blu-ray discs. | |
| 655 | 7 | |a Feature films. |2 lcgft | |
| 655 | 7 | |a Fiction films. |2 lcgft | |
| 655 | 7 | |a Action and adventure films. |2 lcgft | |
| 655 | 7 | |a Melodrama. |2 lcgft | |
| 655 | 7 | |a Film adaptations. |2 lcgft | |
| 655 | 7 | |a Video recordings for the hearing impaired. |2 lcgft | |
| 700 | 1 | |a Davey, Bruce. | |
| 700 | 1 | |a Helgeland, Brian. | |
| 700 | 1 | |a Gibson, Mel. | |
| 700 | 1 | |a Henry, Gregg. | |
| 700 | 1 | |a Bello, Maria, |d 1967- | |
| 700 | 1 | |a Paymer, David. | |
| 700 | 1 | |a Devane, William, |d 1939- | |
| 700 | 1 | |a Liu, Lucy, |d 1968- | |
| 700 | 1 | |a Core, Ericson. | |
| 700 | 1 | |a Stambler, Scott. | |
| 700 | 1 | |a Stitt, Kevin. | |
| 700 | 1 | |a Hoover, Richard. | |
| 700 | 1 | |a Stark, Richard, |d 1933-2008. |t Hunter. | |
| 710 | 2 | |a Paramount Pictures Corporation (1914-1927) | |
| 710 | 2 | |a Icon Productions. | |
| 710 | 2 | |a Paramount Home Entertainment (Firm) | |
| 994 | |a C0 |b TXA | ||
| 948 | |a cataloged |b h |c 2012/10/10 |d c |e agaffey |f 9:04:02 am | ||
| 999 | |a MARS | ||
| 999 | f | f | |s f7f27d88-153c-32e0-b3c4-af94a5e0dc2c |i 7be002c6-e459-389f-87ae-5776d7991095 |t 0 |
| 952 | f | f | |p bluray |a Texas A&M University |b College Station |c Sterling C. Evans Library |d Evans: Media and Reserves (Annex 1st floor) |t 0 |e PN1995.9.A3 P382 2007 |h Library of Congress classification |i video -- videodisc |m A14841514390 |
| 998 | f | f | |a PN1995.9.A3 P382 2007 |t 0 |l Evans: Media and Reserves (Annex 1st floor) |